L'idée de vérité / (Record no. 84339)

MARC details
000 -LEADER
campo de control de longitud fija 00640nam a2200205 i 4500
001 - NÚMERO DE CONTROL
campo de control 84339
003 - IDENTIFICADOR DE NÚMERO DE CONTROL
campo de control ES-MaACL
005 - FECHA Y HORA DE LA ÚLTIMA TRANSACCIÓN
campo de control 20250926063052.0
007 - CAMPO FIJO DE DESCRIPCIÓN FÍSICA--INFORMACIÓN GENERAL
campo de control de longitud fija t|
008 - DATOS DE LONGITUD FIJA--INFORMACIÓN GENERAL
campo de control de longitud fija 041122s1913 fr ||||1| fre d
100 1# - ENTRADA PRINCIPAL--NOMBRE DE PERSONA
Nombre de persona James, William,
Fechas asociadas al nombre 1842-1910
9 (RLIN) 65978
245 12 - MENCIÓN DEL TÍTULO
Título L'idée de vérité /
Mención de responsabilidad, etc. par William James ; traduit de l'anglais par L. Veil et Maxime David.
260 ## - PUBLICACIÓN, DISTRIBUCIÓN, ETC.
Lugar de publicación, distribución, etc. Paris :
Nombre del editor, distribuidor, etc. Félix Alcan,
Fecha de publicación, distribución, etc. 1913 (
Lugar de fabricación/manufactura Evreux :
Fabricante Ch. Hérissey)
300 ## - DESCRIPCIÓN FÍSICA
Extensión XV, 258 p. ;
Dimensiones 22 cm.
650 04 - PUNTO DE ACCESO ADICIONAL DE MATERIA--TÉRMINO DE MATERIA
Término de materia o nombre geográfico como elemento de entrada Verdad.
9 (RLIN) 17765
700 1# - ENTRADA AGREGADA--NOMBRE PERSONAL
Nombre de persona Veil, L.
9 (RLIN) 113662
700 1# - ENTRADA AGREGADA--NOMBRE PERSONAL
Nombre de persona David, Maxime.
9 (RLIN) 42880
852 ## - LOCALIZACIÓN
Ubicación ES-MaACL
Número de control de estantería B-6611
Holdings
Estatus retirado Estado de pérdida Estado de daño No para préstamo Biblioteca de origen Biblioteca actual Ubicación en estantería Fecha de adquisición Fuente de adquisición Total de préstamos Signatura topográfica completa Código de barras Visto por última vez Precio de reemplazo Tipo de ítem Koha
        Biblioteca del Ateneo de Madrid Biblioteca del Ateneo de Madrid Sala Pardo Bazán 17/01/2008     B-6611 1088141 23/02/2023 23/02/2023 Libro impreso